Deficit Pemerintah padjak-padjak dan pembangunan, (Record no. 71917)

MARC details
000 -LEADER
fixed length control field 00840cam a22002411 4500
001 - CONTROL NUMBER
control field sa 67000329
003 - CONTROL NUMBER IDENTIFIER
control field DLC
005 - DATE AND TIME OF LATEST TRANSACTION
control field 20260227112314.0
008 - FIXED-LENGTH DATA ELEMENTS--GENERAL INFORMATION
fixed length control field 930210s1962 io b 000 0 ind
010 ## - LIBRARY OF CONGRESS CONTROL NUMBER
LC control number sa 67000329
025 ## - OVERSEAS ACQUISITION NUMBER
Overseas acquisition number PL480:Indo-2899
035 ## - SYSTEM CONTROL NUMBER
System control number (OCoLC)27415346
040 ## - CATALOGING SOURCE
Original cataloging agency DLC
Transcribing agency CU
Modifying agency DLC
042 ## - AUTHENTICATION CODE
Authentication code premarc
050 00 - LIBRARY OF CONGRESS CALL NUMBER
Classification number HC447
Item number .A724
100 1# - MAIN ENTRY--PERSONAL NAME
Personal name Adisumarta, R. J. Kaptin.
245 10 - TITLE STATEMENT
Title Deficit Pemerintah padjak-padjak dan pembangunan,
Statement of responsibility, etc. oleh R. J. Kaptin Adisumarta.
260 ## - PUBLICATION, DISTRIBUTION, ETC.
Place of publication, distribution, etc. Jogjakarta,
Name of publisher, distributor, etc. Penerbit Diktat UGM Dwitunggal
Date of publication, distribution, etc. [1962?]
300 ## - PHYSICAL DESCRIPTION
Extent 30 p.
Dimensions 22 cm.
500 ## - GENERAL NOTE
General note At head of title: Kongres Ilmu Pemgetahuan Nasional II, Seksi Hukum, Ekonomi, Sosial dan Politik (Seksi E) Jogjakarta, 21-28 Oktober 1962.
504 ## - BIBLIOGRAPHY, ETC. NOTE
Bibliography, etc. note Bibliography: p. 21-30.
651 #0 - SUBJECT ADDED ENTRY--GEOGRAPHIC NAME
Geographic name Indonesia
General subdivision Economic conditions
Chronological subdivision 1945-

No items available.

Powered by Koha